[Event "Istanbul Bagcilar op"]
[Site "Istanbul"]
[Date "2023.09.04"]
[Round "3"]
[White "Topal, Hasan Gokmen"]
[Black "Khalesi, Vahid"]
[Result "0-1"]
[WhiteElo "1801"]
[BlackElo "2165"]
[PlyCount "62"]
[EventDate "2023.09.03"]
[EventType "swiss"]
[EventRounds "9"]
[EventCountry "TUR"]
[SourceTitle "EXT 2024"]
[Source "ChessBase"]
[SourceDate "2023.10.10"]
[SourceVersion "1"]
[SourceVersionDate "2023.10.10"]
[SourceQuality "1"]

1. d4 Nf6 2. c4 e6 3. Nc3 Bb4 4. Qb3 c5 5. a3 Bxc3+ 6. Qxc3 cxd4 7. Qxd4 Nc6 8. Qh4 Qb6 9. Nf3 a5 10. e3 d5 11. Be2 h6 12. 0-0 Ne4 13. cxd5 exd5 14. Nd4 Nxd4 15. exd4 0-0 16. Rd1 Bd7 17. f3 Ba4 18. Rf1 Qxd4+ 19. Kh1 Qf6 20. Qg4 Nc5 21. Be3 Bd7 22. Qh5 Nb3 23. Rad1 Rae8 24. Rd3 Re5 25. Qxe5 Qxe5 26. Rxb3 d4 27. Bxd4 Qxd4 28. Rd1 Qf2 29. Bb5 Qc2 30. Rxd7 Qc1+ 31. Bf1 Qxf1# 0-1

[Event "TUR-chT 2nd League"]
[Site "Denizli"]
[Date "2023.07.12"]
[Round "5.91"]
[White "Bekiragaoglu, Umut"]
[Black "Khalesi, Vahid"]
[Result "1/2-1/2"]
[WhiteElo "2161"]
[BlackElo "2155"]
[PlyCount "80"]
[EventDate "2023.07.09"]
[EventType "team-swiss"]
[EventRounds "9"]
[EventCountry "TUR"]
[SourceTitle "CBM 215 Extra"]
[Source "ChessBase"]
[SourceDate "2023.09.30"]
[SourceVersion "1"]
[SourceVersionDate "2023.09.30"]
[SourceQuality "1"]
[WhiteTeam "Calli Spor"]
[BlackTeam "Duzce AS"]
[WhiteTeamCountry "TUR"]
[BlackTeamCountry "TUR"]

1. e4 e6 2. d4 d5 3. Nd2 Nf6 4. e5 Nfd7 5. Bd3 c5 6. c3 Nc6 7. Ne2 cxd4 8. cxd4 f6 9. exf6 Qxf6 10. Nf3 h6 11. 0-0 Bd6 12. Bc2 0-0 13. Ng3 Rd8 14. Re1 Nf8 15. Ne5 Bxe5 16. dxe5 Qh4 17. f4 Bd7 18. Be3 b6 19. Rc1 Rac8 20. Qf3 Nb4 21. Bb1 Rxc1 22. Rxc1 Rc8 23. Rxc8 Bxc8 24. Bd2 Nc6 25. Nf5 exf5 26. Qxd5+ Be6 27. Qxc6 Qg4 28. Kf2 Qh4+ 29. Kg1 Qg4 30. Qf3 Qxf3 31. gxf3 Kf7 32. a4 g6 33. b4 Bc4 34. Kf2 Ke6 35. h4 h5 36. Ke3 Kd5 37. Bd3 a6 38. Bc3 Bxd3 39. Kxd3 Ne6 40. Bd2 a5 1/2-1/2

[Event "Nakhchivan Sunday GM 06"]
[Site "Nakhchivan"]
[Date "2022.06.15"]
[Round "7"]
[White "Khalesi, Vahid"]
[Black "Alumert, Orkun Efe"]
[Result "0-1"]
[WhiteElo "2252"]
[BlackElo "2350"]
[PlyCount "64"]
[EventDate "2022.06.12"]
[EventType "schev"]
[EventRounds "10"]
[EventCountry "AZE"]
[SourceTitle "CBM 209 Extra"]
[Source "ChessBase"]
[SourceDate "2022.09.30"]
[SourceVersion "1"]
[SourceVersionDate "2022.09.30"]
[SourceQuality "1"]
[WhiteTeam "Team A"]
[BlackTeam "Team B"]
[WhiteTeamCountry "AZE"]
[BlackTeamCountry "AZE"]

1. d4 Nf6 2. c4 g6 3. Nc3 Bg7 4. e4 d6 5. Be2 0-0 6. Nf3 e5 7. d5 Nh5 8. 0-0 Nf4 9. h3 f5 10. Be3 Nxe2+ 11. Qxe2 f4 12. Bd2 Nd7 13. Nh2 Nf6 14. Nf3 h5 15. c5 Bh6 16. Rac1 g5 17. cxd6 cxd6 18. Nb5 g4 19. hxg4 hxg4 20. Ne1 Rf7 21. g3 f3 22. Qd3 Bxd2 23. Qxd2 Nxe4 24. Qb4 Ng5 25. Rc4 Nh3+ 26. Kh2 Rh7 27. Rxg4+ Bxg4 28. Qxg4+ Kh8 29. Qf5 Nxf2+ 30. Kg1 Rh1+ 31. Kxf2 Qb6+ 32. Kxf3 Rxf1+ 0-1

[Event "Nakhchivan Sunday GM 06"]
[Site "Nakhchivan"]
[Date "2022.06.13"]
[Round "3"]
[White "Khalesi, Vahid"]
[Black "Hasanov, Dovlat"]
[Result "1-0"]
[WhiteElo "2252"]
[BlackElo "2151"]
[PlyCount "63"]
[EventDate "2022.06.12"]
[EventType "schev"]
[EventRounds "10"]
[EventCountry "AZE"]
[SourceTitle "CBM 209 Extra"]
[Source "ChessBase"]
[SourceDate "2022.09.30"]
[SourceVersion "1"]
[SourceVersionDate "2022.09.30"]
[SourceQuality "1"]
[WhiteTeam "Team A"]
[BlackTeam "Team B"]
[WhiteTeamCountry "AZE"]
[BlackTeamCountry "AZE"]

1. e4 c5 2. Nf3 e6 3. d4 cxd4 4. Nxd4 a6 5. Bd3 Nc6 6. Nxc6 dxc6 7. Nd2 Qc7 8. Qf3 b5 9. a4 Bb7 10. 0-0 Bd6 11. Qg4 h5 12. Qxg7 Bxh2+ 13. Kh1 Be5 14. Qg5 Bf4 15. Qh4 Ne7 16. Nb3 Bxc1 17. Rfxc1 c5 18. axb5 c4 19. bxa6 Rxa6 20. Rxa6 Bxa6 21. Bf1 Rg8 22. Nd2 Rg4 23. Qh2 Qd8 24. Nf3 Rxe4 25. Ra1 Bb7 26. Qxh5 Ng6 27. Qb5+ Qd7 28. Bxc4 Nh4 29. Nxh4 Rxh4+ 30. Kg1 Qc6 31. Qxc6+ Bxc6 32. b3 1-0

[Event "Nakhchivan Sunday IM 3rd"]
[Site "Nakhchivan"]
[Date "2022.03.24"]
[Round "7"]
[White "Atakishiyev, Elmar"]
[Black "Khalesi, Vahid"]
[Result "1/2-1/2"]
[WhiteElo "2215"]
[BlackElo "2302"]
[PlyCount "86"]
[EventDate "2022.03.20"]
[EventType "tourn"]
[EventRounds "9"]
[EventCountry "AZE"]
[EventCategory "1"]
[SourceTitle "CBM 207 Extra"]
[Source "ChessBase"]
[SourceDate "2022.05.31"]
[SourceVersion "1"]
[SourceVersionDate "2022.05.31"]
[SourceQuality "1"]

1. d4 Nf6 2. c4 e6 3. g3 d5 4. Nf3 Be7 5. Bg2 0-0 6. 0-0 dxc4 7. Qc2 a6 8. a4 Bd7 9. Rd1 Bc6 10. Bg5 a5 11. Qxc4 Na6 12. Nc3 Nb4 13. Bxf6 Bxf6 14. e4 b6 15. Rac1 Rc8 16. Qe2 Bb7 17. h4 Re8 18. Qe3 Be7 19. Ne5 Bf8 20. Qf4 Qe7 21. Nb5 f6 22. Nc4 e5 23. dxe5 fxe5 24. Qg4 Rcd8 25. Ne3 c6 26. Nf5 Qf6 27. Nc7 Rxd1+ 28. Rxd1 Rb8 29. h5 Na6 30. Nxa6 Bxa6 31. Bf1 Bxf1 32. Kxf1 Rb7 33. Kg2 b5 34. axb5 cxb5 35. Rd5 a4 36. Qe2 b4 37. Qc2 a3 38. bxa3 b3 39. Qc8 Rb6 40. Rd8 b2 41. Qc4+ Kh8 42. Qc8 Kg8 43. Qc4+ Kh8 1/2-1/2

[Event "Nakhchivan Sunday IM 3rd"]
[Site "Nakhchivan"]
[Date "2022.03.21"]
[Round "3"]
[White "Khalesi, Vahid"]
[Black "Aslanov, Umid Fuad"]
[Result "1-0"]
[WhiteElo "2302"]
[BlackElo "2226"]
[PlyCount "59"]
[EventDate "2022.03.20"]
[EventType "tourn"]
[EventRounds "9"]
[EventCountry "AZE"]
[EventCategory "1"]
[SourceTitle "CBM 207 Extra"]
[Source "ChessBase"]
[SourceDate "2022.05.31"]
[SourceVersion "1"]
[SourceVersionDate "2022.05.31"]
[SourceQuality "1"]

1. e4 c5 2. Nf3 d6 3. d4 cxd4 4. Nxd4 Nf6 5. Nc3 a6 6. Be2 e5 7. Nb3 Be6 8. 0-0 Be7 9. f4 exf4 10. Bxf4 Nc6 11. Qe1 0-0 12. Qg3 Qc7 13. Rad1 Ne5 14. Nd4 Rad8 15. Kh1 Kh8 16. Bg5 b5 17. Nf5 Bxf5 18. exf5 b4 19. Bxf6 Bxf6 20. Nd5 Qxc2 21. Bxa6 Qxb2 22. Nxf6 gxf6 23. Qh4 Nd7 24. Rxd6 Rg8 25. Rf2 Qe5 26. Rfd2 Qa1+ 27. Rd1 Qxa2 28. Bf1 Qa4 29. Qd4 Qa8 30. Rxd7 1-0

[Event "Nakhchivan Sunday IM 2nd"]
[Site "Nakhchivan"]
[Date "2022.03.19"]
[Round "9"]
[White "Atakishiyev, Elmar"]
[Black "Khalesi, Vahid"]
[Result "1/2-1/2"]
[WhiteElo "2215"]
[BlackElo "2302"]
[PlyCount "58"]
[EventDate "2022.03.13"]
[EventType "tourn"]
[EventRounds "9"]
[EventCountry "AZE"]
[EventCategory "1"]
[SourceTitle "CBM 207 Extra"]
[Source "ChessBase"]
[SourceDate "2022.05.31"]
[SourceVersion "1"]
[SourceVersionDate "2022.05.31"]
[SourceQuality "1"]

1. d4 Nf6 2. c4 e6 3. g3 d5 4. Nf3 Be7 5. Bg2 0-0 6. 0-0 dxc4 7. Qc2 a6 8. a4 Bd7 9. Rd1 Bc6 10. Bg5 Nbd7 11. Qxc4 Bd5 12. Qd3 c5 13. Nc3 Bc6 14. e4 cxd4 15. Nxd4 Qa5 16. Be3 Rfd8 17. Qe2 Bb4 18. Nb3 Qc7 19. Rac1 Rac8 20. Nb5 axb5 21. axb5 Qb8 22. bxc6 bxc6 23. Qa6 c5 24. Na5 Bxa5 25. Qxa5 Ng4 26. Bxc5 Nxc5 27. Rxd8+ Rxd8 28. Qxc5 Qxb2 29. Qc2 Qxc2 1/2-1/2

[Event "Nakhchivan Sunday IM 2nd"]
[Site "Nakhchivan"]
[Date "2022.03.16"]
[Round "5"]
[White "Talibov, Shiroghlan"]
[Black "Khalesi, Vahid"]
[Result "1-0"]
[WhiteElo "2318"]
[BlackElo "2302"]
[PlyCount "53"]
[EventDate "2022.03.13"]
[EventType "tourn"]
[EventRounds "9"]
[EventCountry "AZE"]
[EventCategory "1"]
[SourceTitle "CBM 207 Extra"]
[Source "ChessBase"]
[SourceDate "2022.05.31"]
[SourceVersion "1"]
[SourceVersionDate "2022.05.31"]
[SourceQuality "1"]

1. c4 Nf6 2. Nc3 e6 3. e4 d5 4. cxd5 exd5 5. e5 Ne4 6. Nf3 Bf5 7. d4 Bb4 8. Qa4+ Nc6 9. Bb5 0-0 10. Bxc6 a5 11. Bb5 c6 12. Bd3 Nxc3 13. bxc3 Bxc3+ 14. Bd2 Bxd3 15. Bxc3 f6 16. Qd1 Ba6 17. Qd2 Bc4 18. Qe3 Qc8 19. exf6 gxf6 20. 0-0-0 b5 21. Rhe1 b4 22. Bd2 Rf7 23. Kb2 Qa6 24. Qe6 Qb5 25. Re3 Bd3 26. Rc1 Bc4 27. Ne5 1-0

[Event "IRI-chT 18th"]
[Site "Tehran"]
[Date "2019.11.25"]
[Round "5.1"]
[White "Pourramezanali, Amirreza"]
[Black "Khalesi, Vahid"]
[Result "0-1"]
[WhiteElo "2486"]
[BlackElo "2256"]
[PlyCount "66"]
[EventDate "2019.11.23"]
[EventType "team-tourn"]
[EventRounds "9"]
[EventCountry "IRI"]
[SourceTitle "CBM 193 Extra"]
[Source "ChessBase"]
[SourceDate "2020.01.31"]
[SourceVersion "1"]
[SourceVersionDate "2020.01.31"]
[SourceQuality "1"]
[WhiteTeam "Persepolis Iran"]
[BlackTeam "Zanjan Bimarestan Bahman"]
[WhiteTeamCountry "IRI"]
[BlackTeamCountry "IRI"]

1. d4 e6 2. g3 d5 3. Bg2 Nf6 4. c4 Be7 5. Nf3 0-0 6. 0-0 dxc4 7. Qc2 a6 8. a4 Bd7 9. Qxc4 Bc6 10. Bg5 h6 11. Bxf6 Bxf6 12. Rd1 a5 13. Nc3 Na6 14. e4 Nb4 15. Qe2 g6 16. Rac1 Qe8 17. b3 Bg7 18. Qe3 Rd8 19. h4 Qe7 20. Rd2 Rd7 21. Rcd1 Rfd8 22. h5 g5 23. Bh3 f5 24. d5 exd5 25. Bxf5 d4 26. Nxd4 Rxd4 27. Rxd4 Rxd4 28. Rxd4 Nc2 29. Qd3 Nxd4 30. Bg4 Qb4 31. e5 Bxe5 32. Qg6+ Bg7 33. Be6+ Kh8 0-1

[Event "IRI Cities-chT"]
[Site "Esfahan"]
[Date "2016.05.15"]
[Round "7.2"]
[White "Khalesi, Vahid"]
[Black "Soozankar, Amir Mohammad"]
[Result "0-1"]
[WhiteElo "2204"]
[BlackElo "2387"]
[PlyCount "93"]
[EventDate "2016.05.11"]
[EventType "team-swiss"]
[EventRounds "7"]
[EventCountry "IRI"]
[SourceTitle "CBM 172 Extra"]
[Source "ChessBase"]
[SourceDate "2016.06.21"]
[SourceVersion "1"]
[SourceVersionDate "2016.06.21"]
[SourceQuality "1"]
[WhiteTeam "Zanjan"]
[BlackTeam "Rasht"]
[WhiteTeamCountry "IRI"]
[BlackTeamCountry "IRI"]

1. e4 c5 2. Nf3 d6 3. d4 cxd4 4. Nxd4 Nf6 5. Nc3 g6 6. Bc4 Bg7 7. 0-0 0-0 8. Re1 Nc6 9. h3 Bd7 10. Bg5 Rc8 11. Bb3 a6 12. Nxc6 Bxc6 13. Qd2 Re8 14. Qf4 b5 15. Rad1 Qc7 16. Qh4 a5 17. a4 bxa4 18. Nxa4 Qb7 19. f3 Nd7 20. Bxe7 Nb6 21. Nxb6 Qxb6+ 22. Kh1 a4 23. Bc4 Qxb2 24. Bxd6 Qxc2 25. Ba6 Rcd8 26. Rc1 Qd2 27. Bc7 Rd7 28. Bf4 g5 29. Bxg5 Qd6 30. Bf4 Qg6 31. Rc5 a3 32. Bc4 h6 33. e5 Bf8 34. Rxc6 Qxc6 35. Qg4+ Bg7 36. Rc1 h5 37. Qxh5 Qa4 38. e6 Rd1+ 39. Kh2 Re7 40. exf7+ Kf8 41. Rxd1 Qxd1 42. Qc5 Qd7 43. Qxa3 Qc6 44. Bb3 Bd4 45. Bd6 Bf6 46. f4 Qe4 47. Bc2 0-1

[Event "Rasht Khazar op 14th"]
[Site "Rasht"]
[Date "2016.02.12"]
[Round "2"]
[White "Khalesi, Vahid"]
[Black "Stopa, Jacek"]
[Result "1/2-1/2"]
[WhiteElo "2222"]
[BlackElo "2460"]
[PlyCount "96"]
[EventDate "2016.02.11"]
[EventType "swiss"]
[EventRounds "9"]
[EventCountry "IRI"]
[SourceTitle "CBM 170 Extra"]
[Source "ChessBase"]
[SourceDate "2016.02.25"]
[SourceVersion "1"]
[SourceVersionDate "2016.02.25"]
[SourceQuality "1"]

1. e4 d6 2. d4 Nf6 3. Nc3 e5 4. f4 exd4 5. Qxd4 Nc6 6. Bb5 Bd7 7. Qf2 a6 8. Bd3 Nb4 9. Nf3 Nxd3+ 10. cxd3 Be7 11. h3 0-0 12. 0-0 b5 13. e5 Ne8 14. Nd5 Bc6 15. Nxe7+ Qxe7 16. Nd4 Bb7 17. Re1 Qd7 18. Be3 g6 19. Rac1 Ng7 20. Qc2 Rac8 21. exd6 cxd6 22. Qf2 Nf5 23. Bd2 Rxc1 24. Rxc1 Re8 25. Ba5 Rc8 26. Rxc8+ Qxc8 27. Nxf5 Qxf5 28. Qb6 Qc5+ 29. Qxc5 dxc5 30. Bb6 Bd5 31. a3 c4 32. dxc4 Bxc4 33. Kf2 Kf8 34. Bc5+ Ke8 35. g4 Kd7 36. Ke3 Bf1 37. h4 Bh3 38. Kf3 Kc6 39. Bf8 f5 40. gxf5 Bxf5 41. Ke3 Kd5 42. Bg7 Kc4 43. Bc3 h5 44. Be5 a5 45. Bc7 a4 46. Ba5 Kb3 47. Bc3 b4 48. Bxb4 Kxb2 1/2-1/2

[Event "Bandarabbas Galedari Cup 2nd"]
[Site "Bandarabbas"]
[Date "2015.12.05"]
[Round "9.2"]
[White "Nadimifar, Adnan"]
[Black "Khalesi, Vahid"]
[Result "1-0"]
[WhiteElo "2178"]
[BlackElo "2204"]
[PlyCount "144"]
[EventDate "2015.11.29"]
[EventType "swiss"]
[EventRounds "9"]
[EventCountry "IRI"]
[SourceTitle "EXT 2024"]
[Source "ChessBase"]
[SourceDate "2023.10.10"]
[SourceVersion "1"]
[SourceVersionDate "2023.10.10"]
[SourceQuality "1"]

1. d4 d6 2. e4 Nf6 3. Nc3 c6 4. Nf3 Bg4 5. h3 Bh5 6. Be2 e6 7. 0-0 Be7 8. Be3 d5 9. exd5 Bxf3 10. Bxf3 cxd5 11. Ne2 Nc6 12. b3 Rc8 13. c4 0-0 14. Nf4 Re8 15. a3 b6 16. cxd5 exd5 17. b4 Ne4 18. Qb3 Bg5 19. Qxd5 Bxf4 20. Bxe4 Qxd5 21. Bxd5 Nxd4 22. Bxd4 Red8 23. Bb7 Rc7 24. Rad1 Rcd7 25. Bxb6 Rxd1 26. Bxd8 Rxd8 27. g3 Be5 28. Re1 f6 29. Re2 Rd1+ 30. Kg2 Kf8 31. Ra2 g6 32. a4 Ke7 33. b5 Ra1 34. Rxa1 Bxa1 35. h4 h6 36. Be4 f5 37. Bd3 Kf6 38. a5 Be5 39. b6 axb6 40. axb6 f4 41. g4 g5 42. h5 Bd4 43. b7 Ba7 44. Kf3 Ke5 45. Ke2 Kd4 46. f3 Kc3 47. Be4 Bb8 48. Kd1 Be5 49. Kc1 Bc7 50. Kb1 Be5 51. Ka2 Kb4 52. Bc6 Kc5 53. Be4 Kb4 54. Bf5 Ka4 55. Bc8 Kb4 56. Bd7 Kc4 57. Ka3 Kc5 58. Kb3 Kb6 59. Kc4 Kxb7 60. Kd5 Bc3 61. Ke6 Kc7 62. Ba4 Kd8 63. Kf7 Bb4 64. Kg7 Ke7 65. Kxh6 Kf6 66. Kh7 Kf7 67. Bb3+ Kf8 68. Kg6 Be7 69. h6 Bd6 70. Kxg5 Bb4 71. Kg6 Bc3 72. g5 Ke8 1-0

[Event "Bandarabbas Galedari Cup 2nd"]
[Site "Bandarabbas"]
[Date "2015.12.03"]
[Round "6.3"]
[White "Khalesi, Vahid"]
[Black "Samareh Shahpasand, Farshad"]
[Result "0-1"]
[WhiteElo "2204"]
[BlackElo "2079"]
[PlyCount "100"]
[EventDate "2015.11.29"]
[EventType "swiss"]
[EventRounds "9"]
[EventCountry "IRI"]
[SourceTitle "EXT 2024"]
[Source "ChessBase"]
[SourceDate "2023.10.10"]
[SourceVersion "1"]
[SourceVersionDate "2023.10.10"]
[SourceQuality "1"]

1. e4 c5 2. Nf3 e6 3. c3 d5 4. exd5 Qxd5 5. d4 Nf6 6. Be2 Nc6 7. 0-0 Be7 8. Bg5 0-0 9. c4 Qd8 10. Be3 Qb6 11. Nc3 Rd8 12. dxc5 Qxb2 13. Qb3 Qxb3 14. axb3 Ng4 15. Na4 Nxe3 16. fxe3 Bd7 17. Rfd1 Be8 18. Nd2 f5 19. Bf3 Rab8 20. Bxc6 bxc6 21. Rab1 Bh5 22. Nf3 Rxd1+ 23. Rxd1 Bxf3 24. gxf3 Rxb3 25. Rd7 Bf8 26. Kf2 Rb4 27. Rxa7 Rxc4 28. Ra8 Kf7 29. Ke2 Rc2+ 30. Kd3 Rxh2 31. Ra7+ Kg6 32. Rc7 Ra2 33. Nc3 Ra6 34. Kc4 h5 35. Ne2 e5 36. f4 e4 37. Nd4 h4 38. Ne6 Ra4+ 39. Kb3 Ra8 40. Rxc6 Kh5 41. Rc7 h3 42. Nxf8 Rxf8 43. Rxg7 Rh8 44. Rg1 h2 45. Rh1 Kg4 46. Kc4 Kf3 47. c6 Kxe3 48. c7 Kxf4 49. Kd5 Kg3 50. Rc1 e3 0-1